000 01268nam a22003377a 4500
003 CHAP
005 20220329135438.0
008 971013s1989 r 00010 d
010 _a36603
011 _a37575
035 _a41695
040 _cCHAP
082 _a378
_bA5
100 0 0 _aAlvarez Zayas, Carlos M.
_95005
245 _aFundamentos teóricos de la dirección del proceso docente educativo en la educación superior cubana
260 _aLa Habana :
_bMinisterio de Educación Superior,
_c1989
300 _a155 p.
590 _aBATCH-UPD
_b10
_c20130110
_lUCH01
_h1800
590 _aBATCH-UPD
_b10
_c20130410
_lUCH01
_h1136
590 _aBATCH-UPD
_b10
_c20130914
_lUCH01
_h1245
590 _aCONVERSION
_b10
_c20130109
_lUCH01
_h1320
650 1 4 _aEducación superior
_xCuba.
_935620
650 1 4 _aEnseñanza.
_937085
901 _aBK
942 _cLIBRO
949 _a378 A5
_bBC
_cLIBRO
_d33724000431235
_eLIBRO
_h87876
_i41695
_si
949 _a378 A5
_bBC
_cLIBRO
_d33724000431243
_eLIBRO
_fc.2
_h87877
_i41695
_si
949 _a378 A5
_bBC
_cLIBRO
_d33724000431250
_eLIBRO
_fc.3
_h87878
_i41695
_si
949 _a378 A5
_bBC
_cLIBRO
_d33724002123868
_eLIBRO
_fc.4
_gI.c/e
_h111402
_i41695
_sb
949 _a378 A5
_bBC
_cLIBRO
_d33724002123900
_eLIBRO
_fc.5
_gI.c/e
_h111403
_i41695
_sb
999 _c36603
_d36603